00341nam a22001457a 4500020001800000040001600018082001600034100002200050245002800072250000700100260003800107300000800145700002400153700001800177 a9781260570021 aCoA Lib Pad a579bWIL/PR aWilley, Joanne M. aPrescott's Microbiology a11 aNew YorkbMcGraw -Hill Edn.c2020 a976 aSandman, Kathleen M aWood, Dorothy